The art of delegation : The most valuable executive skill

Bibliographic Details
Main Author: Uris, Auren
Format: Book
Published: Melbourne : The Business Library , 1990
Edition:2nd edition
Subjects:

MARC

LEADER 00000cam a2200000 7i4500
001 0000005230
002 000005652
005 20000330.0
020 |a 1863500626 
090 0 0 |a 658.402   |b URI 
100 1 |a Uris, Auren 
245 1 4 |a The art of delegation :   |b The most valuable executive skill   |c Auren Uris 
250 |a 2nd edition 
260 |a Melbourne :   |b The Business Library ,   |c 1990 
300 |a 76 p. ;   |c 21 cm. 
650 0 0 |a Delegation of authority 
999 |a 023872   |b BUKU   |c PINJAMAN   |e PERPUSTAKAAN KOMUNITI PETALING JAYA 
999 |a 037692   |b BUKU   |c PINJAMAN   |e PERPUSTAKAAN KOMUNITI PETALING JAYA